000 00595cam a22002291 4500
001 ne 62001691
003 DLC
005 20260227111738.0
008 890331s1956 mr 000 0 fre
010 _ane 62001691
035 _a(OCoLC)23417129
040 _aDLC
_cMiU
_dDLC
042 _apremarc
043 _af-mr---
050 0 0 _aPJ6763
_b.B8 1956
100 1 _aBuret, M.-T.
245 0 0 _aCours gradué d'arabe marocain;
250 _a4. éd.
260 _aCasablanca,
_bFarairre,
_c1953 [i. e. 1956]
300 _a119, v p.
_c25 cm.
650 0 _aArabic language
_xDialects
_zMorocco.
999 _c45345
_d45345